| 000 | 00343nam a2200145Ia 4500 | ||
|---|---|---|---|
| 008 | 230917s9999||||xx |||||||||||||| ||und|| | ||
| 040 |
_e149229 _aMAIN |
||
| 041 | _aEnglish | ||
| 082 | _a822.33 S15L | ||
| 100 | _aLamb, Charles | ||
| 245 | 0 | _aTales from Shakespeare | |
| 260 |
_aLondon _bWordsworth _c1964 |
||
| 300 | _a278 p. | ||
| 942 | _cBK | ||
| 999 |
_c122364 _d122364 |
||